000 00561nam a22001697a 4500
008 090423t xxu||||| |||| 00| 0 eng d
020 _a8174091653
082 _222
_a625.7
_bKAD
100 _94143
_aKadiyali, L. R.
245 _aPrinciples and Practices of Highway Engineering:
_b(Including expressways and airport engineering)/
_cL. R. Kadiyali & N. B. Lal
250 _a5th ed.
260 _aNew Delhi:
_bKhanna Publishers,
_c2008
300 _a845p.:
_bill.;
_c24 cm.
650 _94092
_aHighway engineering
700 _94142
_aLal, N. B.
942 _2ddc
_cBB
999 _c11402
_d11402